000
00235nam a22001097a 4500
999
_c
260777
_d
260776
020
_a
9781407171029
100
_a
R.L.Stine
245
_a
Say Cheese and Die
260
_a
USA
_b
Scholastic Inc.
_c
1992
300
_a
136 pgs.
942
_c
BK